书目信息 |
| 题名: |
知识帝国
|
|
| 作者: | 范发迪 著 ;袁剑 译 | |
| 分册: | ||
| 出版信息: | 北京 中国人民大学出版社 2018 |
|
| 页数: | 249页 | |
| 开本: | 24cm | |
| 丛书名: | 海外中国研究文库 | |
| 单 册: | ||
| 中图分类: | K249.06 , K835.615.81=49 | |
| 科图分类: | ||
| 主题词: | 中国历史--zhong guo li shi--史料--清代 , 博物学--bo wu xue--科学工作者--生平事迹--英国--清代 | |
| 电子资源: | ||
| ISBN: | 978-7-300-25370-1 | |
| 000 | 01569cam 2200349 45 | |
| 001 | 012001009266 | |
| 005 | 20140101085826.0 | |
| 010 | @a978-7-300-25370-1@b精装@dCNY69.00 | |
| 099 | @aCAL 012018021313 | |
| 100 | @a20180313d2018 em y0chiy50 ea | |
| 101 | 1 | @achi@ceng |
| 102 | @aCN@b110000 | |
| 105 | @aak z 001yd | |
| 106 | @ar | |
| 200 | 1 | @a知识帝国@Azhi shi di guo@e清代在华的英国博物学家@f范发迪著@d= British naturalists in Qing China: science, empire, and cultural encounter@fFa-ti Fan@g袁剑译@zeng |
| 210 | @a北京@c中国人民大学出版社@d2018 | |
| 215 | @a249页@c图@d24cm | |
| 225 | 2 | @a海外中国研究文库@Ahai wai zhong guo yan jiu wen ku |
| 300 | @a本书的初版及翻译受到文化部清史纂修研究中心资助 | |
| 320 | @a有索引 | |
| 330 | @a本书即从文化遭遇的观点去检视博物学史,从博物学的视角剖析近代中国与西方世界的交流与碰撞,特别关注文化遭遇下的知识传统和文化霸权问题,从一个独特的角度为读者揭示了近代中国在知识领域所经历的顿挫与转折,为学界开辟了研究中国近代知识转型的新路径。 | |
| 410 | 0 | @12001 @a海外中国研究文库 |
| 500 | 10 | @aBritish naturalists in Qing China : science, empire, and cultural encounter@mChinese |
| 517 | 1 | @a清代在华的英国博物学家@Aqing dai zai hua de ying guo bo wu xue jia |
| 606 | 0 | @a中国历史@Azhong guo li shi@x史料@z清代 |
| 606 | 0 | @a博物学@Abo wu xue@x科学工作者@x生平事迹@y英国@z清代 |
| 690 | @aK249.06@v5 | |
| 690 | @aK835.615.81=49@v4 | |
| 701 | 0 | @a范发迪@Afan fa di@g(Fan, Fa-ti),@f1964-@4著 |
| 702 | 0 | @a袁剑@Ayuan jian@4译 |
| 801 | 2 | @aCN@b上海新华@c20191020 |
| 905 | @b1187537-40@dK249.06@e131@f4 | |
| 知识帝国:清代在华的英国博物学家/范发迪著= British naturalists in Qing China: science, empire, and cultural encounter/Fa-ti Fan/袁剑译.-北京:中国人民大学出版社,2018 |
| 249页:图;24cm.-(海外中国研究文库) |
| 本书的初版及翻译受到文化部清史纂修研究中心资助 |
| ISBN 978-7-300-25370-1(精装):CNY69.00 |
| 本书即从文化遭遇的观点去检视博物学史,从博物学的视角剖析近代中国与西方世界的交流与碰撞,特别关注文化遭遇下的知识传统和文化霸权问题,从一个独特的角度为读者揭示了近代中国在知识领域所经历的顿挫与转折,为学界开辟了研究中国近代知识转型的新路径。 |
| ● |
| 相关链接 |
|
|
|
|
正题名:知识帝国
索取号:K249.06/131
 
预约/预借
| 序号 | 登录号 | 条形码 | 馆藏地/架位号 | 状态 | 备注 |
| 1 | 1187537 | 211875372 | 第二样本阅览室/ [索取号:K249.06/131] | 在馆 | |
| 2 | 1187538 | 211875381 | 第二借阅区/ [索取号:K249.06/131] | 在馆 | |
| 3 | 1187539 | 211875390 | 第二借阅区/ [索取号:K249.06/131] | 在馆 | |
| 4 | 1187540 | 211875407 | 第二借阅区/ [索取号:K249.06/131] | 在馆 |